Cases in human resource management / (Record no. 4109)

000 -LEADER
fixed length control field 00840cam a22002534a 4500
001 - CONTROL NUMBER
control field 13798854
005 - DATE AND TIME OF LATEST TRANSACTION
control field 20190507114003.0
008 - FIXED-LENGTH DATA ELEMENTS--GENERAL INFORMATION
fixed length control field 041124s2006 ohu 000 0 eng
010 ## - LIBRARY OF CONGRESS CONTROL NUMBER
LC control number 2004117005
020 ## - INTERNATIONAL STANDARD BOOK NUMBER
International Standard Book Number 9780273616030
040 ## - CATALOGING SOURCE
Original cataloging agency DLC
Transcribing agency DLC
042 ## - AUTHENTICATION CODE
Authentication code pcc
050 00 - LIBRARY OF CONGRESS CALL NUMBER
Classification number HF5549.15
Item number .S76 2006
100 1# - MAIN ENTRY--PERSONAL NAME
Personal name Ann McGoldrick.
Dates associated with a name 1996
245 10 - TITLE STATEMENT
Title Cases in human resource management /
Statement of responsibility, etc Ann McGoldrick.
260 ## - PUBLICATION, DISTRIBUTION, ETC. (IMPRINT)
Place of publication, distribution, etc London, Long Acre :
Name of publisher, distributor, etc Pitman Publishing.,
Date of publication, distribution, etc c1996.
300 ## - PHYSICAL DESCRIPTION
Extent xiv, 290 p. ;
Dimensions 23 cm.
Other physical details ill. ;
500 ## - GENERAL NOTE
General note Cases in Human resource management. c1996.
521 ## - TARGET AUDIENCE NOTE
Target audience note Includes bibliographical references and indexes.
650 #0 - SUBJECT ADDED ENTRY--TOPICAL TERM
Topical term or geographic name as entry element Personnel management
Form subdivision Case studies.
906 ## - LOCAL DATA ELEMENT F, LDF (RLIN)
a 7
b cbc
c orignew
d 3
e epcn
f 20
g y-gencatlg
942 ## - ADDED ENTRY ELEMENTS (KOHA)
Source of classification or shelving scheme
Item type Book

No items available.


Riara University Library,
P.O. Box 49940-00100,
Nairobi, Kenya.